| 000 | 00550nam a2200181 a 4500 | ||
|---|---|---|---|
| 001 | 000048560 | ||
| 005 | 20201002061234.0 | ||
| 008 | 190329s2006 dr r 000 0 spa d | ||
| 020 | _a9993467332 | ||
| 040 |
_aDO-SdBNP _bspa _cBNPHU |
||
| 082 |
_axxxx _bC171p |
||
| 100 | 1 |
_aCalzada, Miriam _969594 |
|
| 245 | 1 | 0 |
_aPacto con la tierra / _cMiriam Calzada, Traducción Magda Canals. |
| 260 |
_aSanto Domingo : _bBanco Popular, _c2006. |
||
| 300 |
_a253 p. : _bretrs. ; _c32 cm. |
||
| 590 | _aInventariado, 2019/BT | ||
| 700 | 1 |
_aCanals, Magda, _etr. _976026 |
|
| 999 |
_c48048 _d48048 |
||